Famous Georges Quiz Stats

 Plays Quiz Updated Nov 23, 2018

Support Sporcle.
Go Orange.
Score 0/30 Timer 07:00
3 Plays Today
Description Famous George % Correct
He is depicted on the U.S. $1 billGeorge Washington
96.2%
The 41st or 43rd U.S. PresidentGeorge W. Bush or George H.W. Bush
88.7%
He has been Batman, Danny Ocean and 'Up in the Air'George Clooney
88.1%
He wrote 'Here Comes the Sun', was known as the Quiet BeatleGeorge Harrison
84.4%
Author of Nineteen Eighty-Four and Animal FarmGeorge Orwell
80.8%
Mexican-American comedian with a self-titled late-night talk showGeorge Lopez
79.4%
Two-time Heavyweight Boxing Champion known for the 'Rumble in the Jungle' and tabletop grillGeorge Foreman
79.4%
Creator of Wookies, Jedi, and The ForceGeorge Lucas
74.6%
Long time owner of the New York YankeesGeorge Steinbrenner
74.1%
You might know his wife Jane, or his boy Elroy, or daughter Judy*George Jetson
72.2%
Former lead singer of Wham! who may or may not 'Want Your Sex'George Michael
72.2%
Fictional best friend to the Man in the Yellow Hat*Curious George
67.8%
British singer-songwriter and former lead singer of Culture ClubBoy George
64.8%
Jerry's best friend on 'Seinfeld' bears a striking resemblance to Art Vandelay*George Costanza
64.5%
Monarch of Great Britain who lost the colonies during the American Revolutionary WarKing George III
56.8%
Description Famous George % Correct
WWII General of the U.S. Army, famous for his role at the Battle of the BulgeGeorge S. Patton
55.3%
U.S. cavalry commander who died during the Battle of Little BighornGeorge Custer
51.3%
Grammy Award winning comedian whose work was the center of a 1978 Supreme Court CaseGeorge Carlin
48.9%
Composer of Rhapsody in Blue, Porgy and Bess, and RosalieGeorge Gershwin
45.2%
Country music singer known as the 'King of Country'George Strait
43.2%
Hall of Fame third baseman who played for the Kansas City Royals from 1973 until 1993George Brett
43%
Tennessee Titans running back and 1996 NFL Offensive Rookie of the YearEddie George
41.8%
Cigar smoking vaudeville, film, radio, and TV comedianGeorge Burns
39.2%
He played Lieutenant Sulu in the original Star TrekGeorge Takei
37.7%
Actor who won an Academy Award for portraying the George from the previous clueGeorge C. Scott
35.6%
He portrayed James Bond in 'On Her Majesty's Secret Service'George Lazenby
32.9%
Lost the U.S. presidential election to Richard Nixon in 1972George McGovern
30.2%
1950s Superman portrayed by Ben Affleck in 'Hollywoodland'George Reeves
27.1%
He loved it when a plan came together as Hannibal in the 1980s version of The A-TeamGeorge Peppard
23.4%
Director of 'Night of the Living Dead' and 'Creepshow'George A. Romero
22%

From the Vault

Television Alter Egos

by shorlin

"The worst thing about prison was the... was the Dementors."
Remove Ads.
Support Sporcle.
Get the best of Sporcle when you Go Orange. This ad-free experience offers more features, more stats, and more fun while also helping to support Sporcle. Thank you for becoming a member.

Show Comments

Extras

Top Quizzes Today


Score Distribution

Your Account Isn't Verified!

In order to create a playlist on Sporcle, you need to verify the email address you used during registration. Go to your Sporcle Settings to finish the process.

Report this User

Report this user for behavior that violates our Community Guidelines.

Details: